Lyrics raten #11 - Statistiken

Allgemein
  • Dieses Quiz wurde 184 mal gespielt
  • Das Durchschnittsergebnis liegt bei 137 aus 290
Antwortstatistiken
Antwort % Korrekt
du
98%
ich
97%
Ich
97%
wir
85%
Wir
85%
das
77%
der
72%
die
72%
dic
66%
liebe
66%
bist
63%
nicht
63%
Und
63%
und
63%
dich
62%
(dich
62%
den
59%
wie
59%
dass
54%
Dass
54%
kann
54%
Wo
53%
so
52%
ist
51%
war
51%
Was
47%
was
47%
zu
47%
denn
44%
in
44%
sind
44%
haben
41%
alle
40%
auf
40%
an
39%
Hast
37%
dir
36%
brauch
34%
ohne
34%
wann
33%
mehr
32%
nur
32%
noch
31%
immer
30%
von
29%
willst
29%
alles
28%
auch
28%
hin
28%
Weisst
28%
weisst
28%
doch
25%
bei
23%
Seit
21%
deiner
20%
Hat
20%
komm
20%
Wieso
20%
warten
17%
glaub
16%
vermissen
16%
andere
14%
Hey
13%
hey
13%
ihn
13%
tu
13%
wegen
13%
zurück
12%
Bitte
11%
anderen
10%
gemacht
9%
verloren
9%
verloren)
9%
also
8%
in’s
8%
nen
8%
passiert
8%
stehst
8%
dieser
7%
gehörst
7%
Kopf
6%
Seite
6%
Vanessa
6%
Wasser
5%
zählt
5%
zieh
5%
gesprungen
4%
Ball
3%
eiskalte
3%
gewählt
3%
Kerle
3%
klau
3%
Oma
3%
Schuhe
3%
sogar
3%
Tiefe
3%
Typ
3%
verdreht
3%
wilden
3%
Mehmet
2%
nächsten
2%
Scholl
2%
WM
2%
Schnapp
1%
Keine übereinstimmenden Quizze gefunden
Verteilung der Resultate
Anzahl Personen mit jedem Resultat
Perzentil nach korrekt beantworteten Fragen
Ihre Resultats-Entwicklung
Sie haben dieses Quiz noch nicht gespielt